00186 a2200085 4500001000400000082001500004100001500019245004100034260002500075794 a629.83 SAV aSavant C.J aBasic feedback control system design aNYbMcgrawhillc1958